| 000 | 00488nam a2200193Ia 4500 | ||
|---|---|---|---|
| 008 | 170918s9999 xx 000 0 und d | ||
| 020 | _a439168279 | ||
| 050 | _bA237 1993 | ||
| 100 | _aAdler, David A. | ||
| 245 | 2 | _aA picture book of Rosa Parks / | |
| 245 | _cDavid A. Adler ; illustrated by Robert Casilla. | ||
| 260 | _aNew York : | ||
| 260 | _bScholastic, | ||
| 260 | _c1993 | ||
| 300 | _aunpaged : | ||
| 300 | _bcolored illustration ; | ||
| 300 | _c20cm. | ||
| 500 | _a880 | ||
| 999 |
_c342134 _d342134 |
||